| 000 | 00465nam a2200181Ia 4500 | ||
|---|---|---|---|
| 005 | 20260609142736.0 | ||
| 008 | 131103s9999 xx 000 0 und d | ||
| 040 | _aLoreto College | ||
| 041 | _aEnglish | ||
| 082 |
_a842 _bROS |
||
| 100 | _aRostand, Edmond | ||
| 245 |
_aL'aiglon _b Drame en six actes, en vers _cEdmond Rostand |
||
| 260 |
_aParis _bLibrairie Charpentier _c1910 |
||
| 300 | _a263p. | ||
| 650 | _aFrench drama | ||
| 850 | _aLCLIB | ||
| 942 | _cBK | ||
| 999 |
_c24283 _d74762 |
||